Ernsting's aviation and space medicine / (Record no. 1463)

MARC details
000 -LEADER
fixed length control field 02300cam a22004577a 4500
001 - CONTROL NUMBER
control field data
005 - DATE AND TIME OF LATEST TRANSACTION
control field 20260322212101.0
008 - FIXED-LENGTH DATA ELEMENTS--GENERAL INFORMATION
fixed length control field data
035 ## - SYSTEM CONTROL NUMBER
System control number 19237685
010 ## - LIBRARY OF CONGRESS CONTROL NUMBER
LC control number 2016285125
016 7# - NATIONAL BIBLIOGRAPHIC AGENCY CONTROL NUMBER
Record control number 101684536
Source DNLM
020 ## - INTERNATIONAL STANDARD BOOK NUMBER
International Standard Book Number 9781444179941
Qualifying information pack-book and ebook : alk. paper
020 ## - INTERNATIONAL STANDARD BOOK NUMBER
International Standard Book Number 1444179942
Qualifying information pack-book and ebook : alk. paper
035 ## - SYSTEM CONTROL NUMBER
System control number (OCoLC)812255685
040 ## - CATALOGING SOURCE
Original cataloging agency NLM
Language of cataloging eng
Transcribing agency NLM
Modifying agency DLC
-- YDXCP
-- WSU
-- OCLCF
-- DLC
042 ## - AUTHENTICATION CODE
Authentication code lccopycat
-- lccopycat
050 00 - LIBRARY OF CONGRESS CALL NUMBER
Classification number RC1062
Item number .A95 2016
060 00 - NATIONAL LIBRARY OF MEDICINE CALL NUMBER
Classification number WD 700
Item number E71 2016
245 00 - TITLE STATEMENT
Title Ernsting's aviation and space medicine /
Statement of responsibility, etc. edited by Professor David P. Gradwell, Professor of Aerospace Medicine, King's College London, Honorary Consultant in Aviation Medicine, Guy & St Thomas' NHS Foundation Trust, King's Health Partners, and Civilian Consultant Advisor in Aviation Medicine (Royal Air Force) and Air Commodore David J. Rainford, Retired Consultant Physician and Consultant Adviser in Renal Disease (Royal Air Force), previously, Defense Postgraduate Medical Dean, Consultant Physician to the UK Civil Aviation Authority and Senior Consultant Adviser in Medicine to the Royal Air Force of Oman.
246 1# - VARYING FORM OF TITLE
Title proper/short title Aviation and space medicine
250 ## - EDITION STATEMENT
Edition statement Fifth edition.
264 #1 - PRODUCTION, PUBLICATION, DISTRIBUTION, MANUFACTURE, AND COPYRIGHT NOTICE
Place of production, publication, distribution, manufacture Boca Raton, FL :
Name of producer, publisher, distributor, manufacturer CRC Press, Taylor & Francis Group,
Date of production, publication, distribution, manufacture, or copyright notice [2016]
264 #4 - PRODUCTION, PUBLICATION, DISTRIBUTION, MANUFACTURE, AND COPYRIGHT NOTICE
Date of production, publication, distribution, manufacture, or copyright notice ©2016
300 ## - PHYSICAL DESCRIPTION
Extent xxi, 904 pages :
Other physical details illustrations ;
Dimensions 29 cm
336 ## - CONTENT TYPE
Content type term text
Content type code txt
Source rdacontent
337 ## - MEDIA TYPE
Media type term unmediated
Media type code n
Source rdamedia
338 ## - CARRIER TYPE
Carrier type term volume
Carrier type code nc
Source rdacarrier
500 ## - GENERAL NOTE
General note Rev. ed. of: Ernsting's aviation medicine / David J. Rainford, David P. Gradwell. 4th ed. 2006.
504 ## - BIBLIOGRAPHY, ETC. NOTE
Bibliography, etc. note Includes bibliographical references and index.
650 #0 - SUBJECT ADDED ENTRY--TOPICAL TERM
Topical term or geographic name entry element Aviation medicine.
650 #0 - SUBJECT ADDED ENTRY--TOPICAL TERM
Topical term or geographic name entry element Space medicine.
650 12 - SUBJECT ADDED ENTRY--TOPICAL TERM
Topical term or geographic name entry element Aerospace Medicine
650 #7 - SUBJECT ADDED ENTRY--TOPICAL TERM
Topical term or geographic name entry element Aviation medicine.
Source of heading or term fast
Authority record control number or standard number (OCoLC)fst00824365
650 #7 - SUBJECT ADDED ENTRY--TOPICAL TERM
Topical term or geographic name entry element Space medicine.
Source of heading or term fast
Authority record control number or standard number (OCoLC)fst01127762
700 1# - ADDED ENTRY--PERSONAL NAME
Personal name Rainford, D.
Fuller form of name (David),
Relator term editor.
700 1# - ADDED ENTRY--PERSONAL NAME
Personal name Gradwell, David P.,
Relator term editor.
906 ## - LOCAL DATA ELEMENT F, LDF (RLIN)
a 7
b cbc
c copycat
d 2
e ncip
f 20
g y-gencatlg
925 0# -
-- acquire
-- 2 shelf copies
-- Sel/ddw, 2016-08-19
955 ## - COPY-LEVEL INFORMATION (RLIN)
-- rl02 2019-05-10 copy 2 to CALM
991 ## -
-- r-SciRR
-- RC1062
-- .A95 2016
-- Copy 1
Holdings
Withdrawn status Lost status Damaged status Not for loan Home library Current library Shelving location Date acquired Total checkouts Full call number Barcode Date last seen Price effective from Koha item type
        Riverside Riverside General stacks 22/03/2026   RC1062 LOC-RPL-00010 22/03/2026 22/03/2026 Books